Quizzes
Events
Quiz Creation
Community
Videos
Private Events
Remove Ads
Sign In
Join for FREE
Feedback
Dark Mode
Quiz Categories
Sports
Geography
Music
Movies
Television
Just For Fun
Miscellaneous
History
Literature
Language
Science
Gaming
Entertainment
Religion
Holiday
For Kids
Quiz Lab
Recent
Popular Today
Quiz Kudos Today
Editor Picks
Curator Picks
Quizzes by...
Day
Popularity
Type
Ratings
Length
Year
Community
Subscriptions
Recent Discussions
Orange Saloon
Badges
Playlists
Quests
Create
Leaderboards
Showdown
Live 5
Trivia Bingo
Activity
Puzzle Library
Sporcle Events
Private Events
Virtual Trivia
Globe League
Become a Host
Pub Owners
SporcleCon
Opinionation
Our Games
Videos
Blog
Mobile Apps
Partnerships
Remove Ads and Go Orange
Feedback
Movies
Disney
Marvel Cinematic Universe
Movie Resume
Movie Titles
Oscar
Actor
Actress
Director
Pixar
Role
Movie Quotes
Movie Characters
Box Office
Nominee
Best Picture
Star Wars
James Bond
Horror Movies
Movies
Disney
Marvel Cinematic Universe
Movie Resume
Movie Titles
Oscar
Actor
Actress
Director
Pixar
Role
Movie Quotes
Movie Characters
Box Office
Nominee
Best Picture
Star Wars
James Bond
Horror Movies
Random Quiz
Search Sporcle
×
Quiz Lab
Quiz Lab
Movies
Quote
Type in answers that appear in a list
Type in answers that appear in a list
Classic
Best Score? Go Orange.
Hot Rod Quotes Stats
Can you name the Hot Rod Quotes?
By
mattat777
10m
30 Questions
1,741 Plays
1,741 Plays
1,741 Plays
Comments
Comments
Give Quiz Kudos
Give Quiz Kudos
-
- Ratings
hide this ad
Replay
Link that replays current quiz
Next Quiz
Link to next quiz in quiz playlist
You Got
0%
They Got
Avg Score
52%
Avg Friend Score
Upgrade to see
Score Distribution
Jump to the score distribution portion of the page
Score
0/30
Timer
10:00
0
Plays Today
question
answer
% Correct
Kevin, 'Cool...
beans
91.4%
Rod, 'The safe word is...
whiskey
91.2%
Dave, 'Oh, whoa, wait, what? Why is Rod kissing...
his sister
78.8%
Rico, 'Uh, hello! I'm Rico, and...
I like to party
73.2%
Rod, 'Um, I was gonna ask you who you think would win in a fight between a...
grilled cheese sandwich and a taco?
71.7%
Rod, 'He died instantly...
the next day
69.5%
Rod, 'Gods of War.' Kevin, 'May...
your hammer be mighty
61.3%
Denise, 'Well, I think the grilled cheese sandwich -
in a fair fight. But if it was...i'd put my money on the taco.'
prison rules
60.7%
Dave, 'Wow, Rod. I am just green with...
jealous rage right now!
58%
Jonathan, 'Babe...
WAIT!
57.9%
Rod, 'So how did he die?' Marie, 'He...
choked on some pie
56.1%
Rico, 'Who am I supposed to...
build ramps for now?
54.4%
Kevin, 'Hey, Rod, what's that song about a...
grandma getting run over by a reindeer?
52.2%
Dave, 'Oh, that shatters...
my entire universe
51.3%
Newswoman, 'The dog walked itself home, ate a pizza and...
took a nap
49.9%
question
answer
% Correct
Kevin, 'It's bouncing around the web like a...
beachball at a Nickelback concert
49.5%
Dave, 'You know, pools are perfect...
for holding water
49%
Rod, 'And don't let your dads...
eat pie
48.6%
Rod, 'All men have great mustaches.' Frank, 'Yeah, but real men...
actually grow them
48.3%
Richardson, 'There are no...
tools in this pool
45.2%
Rod, 'You're wrong, Frank. I'm not a kid, I'm a man. I am gonna get you better, and then I'm gonna...
beat you to death
40.4%
Barry, 'They've done it! They've raised $50,000 for Frank's...
conveniently priced surgery
40%
Dave, 'Balls man. We just...
ran over a small bus
39.8%
Rico, 'This is totally...
my hat
39.2%
Scrooge, 'Ho. ho. ho. A...
cooked goose for everyone!
37.9%
Rod, '[after he wakes up from his out of body experience]...
Hoobastank!
35.1%
Dave, 'Oh man, it's totally...
serendipitous
33.4%
Rico, 'You're gonna bring...
the demons out of me!
32.8%
Rod, 'I'm officially kicking off phase two:...
operation fiscal jackhammer
28%
Rico, 'Ya know, how it's just me in a castle and I gotta fight, like, a thousand wizards and the only way to beat them is to...
punch them as hard as I can in their faces
20.8%
Quiz Playlist
Details
Report
Send in Message
Add To Playlist
Classic:
Type in answers that appear in a list
Last Updated: Feb 16, 2017
Quiz Scoreboard
CHALLENGE
Sign Up to Join the Scoreboard
Show All
Scores
Hide
Comments
May contain spoilers
Recently Published
An Introduction to Baseball
by treessimontrees
Sports
5m
Movies - When Are They Set?
by FPL_Elf
Movies
5m
Popular People in 1961
by mucciniale
History
6m
More to Explore
Quiz From the Vault
Featured Blog Post
Where Did the Easter Bunny Come From?
hide this ad
You Might Also Like...
Tags
Quote Quiz
hot
rod
Today's Top Quizzes in Movies
Browse Movies
hide this ad
Today's Top Quizzes in Quote
Browse Quote
Top Contributed Quizzes in Movies
1
Pick 5 Posters: Directed by Spielberg
2
Pick 5 Posters: Lowest-Rated Spielberg
3
Multi-Oscar Nominations, One Movie, One Winner
4
7-to-1: Pixar Characters
5
12 Movies about Fictional 1960s Events
6
One Thing in Common: Movies
7
Pick 5 Posters: Directed by Scorsese
8
Sunday Crossword: Film Score Composers
9
Pick 5 Posters: Star & Director
10
Sorting Actors
Explore More
Trending Topics
NBA
Harry Potter
Kpop
Marvel
Crossword
Disney
Anime
WWE
Song
Country
Soccer
The Office
Pokémon
NFL
Puzzle
hide this ad
More By:
mattat777
Quiz
Plays
Rating
Category
Featured
Created
Hot Rod Quotes
1,741
4.78
Movies
Oct 13, 2009
Avatar Quiz
1,586
3.14
Movies
Dec 25, 2009
Sarah Michelle Gellar Movies
935
4.50
Movies
Dec 9, 2009
Hot Rod Quiz
920
4.00
Movies
Oct 13, 2009
Joaquin Phoenix Movies
386
3.00
Movies
Dec 25, 2009
Go to Creator's Profile
Score Distribution
Quiz Creator Spotlight
mattat777
Follow
Send a Message
Quizzes Created
-
Created Quiz Play Count
-
More By This Creator
Popular Quizzes Today
1
Find the Countries of Europe - No Outlines Minefield
2
Find the US States - No Outlines Minefield
3
The Countries of the World
4
Popular People in 1961
5
Find the US States
6
US States
7
1-10 Letter E Words III
8
Risky Map Clicking: Biggest States A-Z
More Movies Quizzes
Actor by Movies They Started and Ended the Decade With
Editor's Pick
Trending Quizzes
Risky Map Clicking: Least Populous States A-Z
1-10 Letter F Words
1-10 Letter G Words
Not Quite an Element Typing Challenge
One Thing in Common: United Kingdom
Recently Updated
Leaping Animals
pecheneg
Reality TV Shows (A-Z)
bhenderson79
Rickey Henderson's Hall of Fame Teammates
pecheneg
Champions League XIs: Arsenal
pecheneg
Quick Pick: Celebrities in WWE's Hall of Fame
aduchscher
A-Z Keypad Blitz II
pecheneg
Multiple Oscar Actors
pecheneg
Mystery Phrase Blitz: Oscar 'Best Actors'
pecheneg
F. Scott Fitzgerald Novels
LTH
Pick 3 Villains
ddd62291
Trending Topics
Crossword
Disney
Marvel
NBA
Anime
Kpop
Harry Potter
Soccer
Country
Pokémon
WWE
The Office
Song
NFL
Puzzle
Your Account Isn't Verified!
In order to create a playlist on Sporcle, you need to verify the email address you used during registration. Go to your
Sporcle Settings
to finish the process.
Report this User
Report this user for behavior that violates our
Community Guidelines
.
Details:
Send Report
Go to the Sporcle.com Mobile Site →
Comments